000 00938nam a2200241 a 4500
001 39346
003 BD-RjUL
005 20211209052954.0
008 160407m20131951ii ||||| |||| 00| 0 ben d
020 _a8170662915
_c: IRs. 600.00 (2013) ; IRs. 600.00 (1993)
035 _a(BD-RjUL)39459
040 _aBD-RjUL
_bben
_cBD-RjUL
041 _aben
082 _223
_a909
_bNEB 2013
100 1 _aনেহরু, জওহরলাল
_9121112
245 1 0 _aবিশ্ব-ইতিহাস প্রসঙ্গ /
_cজওহরলাল নেহরু
260 _aকলকাতা :
_bআনন্দ,
_c১৯৫১ [মুদ্রণ ২০১৩]
300 _a[১৮] ১০১১ পৃ.
_c২৪ সেমি.
500 _a"Glimpses of World History" গ্রন্থের বঙ্গানুবাদ
650 _aWorld History
_9121216
650 _aবিশ্ব ইতিহাস
_9121274
942 _2ddc
_cBK
999 _c39346
_d39346